000 00340cam a2200145ua 4500
041 _aeng
_h
082 _a822
_bLUC/DU
100 _aLucas, F.L .
245 0 0 _aDuchess of Malfi /
_cF.L.Lucas.
_hTextual Documents
260 _aLondon :
_bChatto and Windus ,
_c1958.
300 _a221 ; .
504 _a
942 _cBK
999 _c827
_d827